000 00886nam a2200289Ia 4500
003 OSt
005 20220928132613.0
006 a|||||r|||| 00| 0
007 ta
008 220927b |||||||| |||| 00| 0 eng d
020 _a9781544393995
_cUSD 100.00
024 _a146081
037 _b60, 29/12/2021, Shivam Book Service
_cTextual
040 _aSDCL
_cSDCL
_beng
041 _2eng
_aeng
082 _aS5, R2
100 _aBosson Jennifer k.
_9482405
245 0 _aPsychology of sex and gender
250 _a2nd
260 _aNew Delhi
_bSage
_c2020
300 _axxxvii,572p.+VP
_ccm.
650 _aPsychology
700 _a Buckner Camille E.
_9482406
700 _a Vandello Joseph A.
_9482407
942 _hS5, R2
_cTEXL
_2CC
999 _c795115
_d795115